000 00418nmm a2200157Ia 4500
008 251105s9999||||xx |||||||||||||||||und||
041 _aspa
100 _aKallmaker, Karin
245 0 _aDespués de todo
264 _a[Madrid, España] :
_bEditorial Egales,
_c2014
300 _a258 páginas
490 _aNarrativa
650 _aRomance
856 _uhttps://public.digitaliapublishing.com/a/163254
942 _cCF
999 _c99996
_d99996